US Capitals West to East Quiz Stats

 Plays Quiz Updated May 4, 2012

Score 0/50 Timer 10:00
0 Plays Today
Rank Capital % Correct
1Honolulu
99.2%
2Juneau
95.5%
5Sacramento
90.8%
3Salem
89.2%
4Olympia
88.6%
6Carson City
86.1%
7Boise
85%
8Phoenix
84.1%
9Helena
80.7%
10Salt Lake City
79.6%
12Denver
78.5%
11Santa Fe
77%
13Cheyenne
74.6%
16Austin
72.4%
17Oklahoma City
71.2%
15Pierre
70.8%
14Bismarck
69.3%
18Lincoln
69%
19Topeka
67.8%
20Des Moines
66.1%
21Saint Paul
66%
22Little Rock
64.9%
24Baton Rouge
63.8%
23Jefferson City
63%
26Springfield
62.4%
Rank Capital % Correct
50Augusta
60.5%
25Jackson
60.4%
27Madison
60%
28Nashville
58.7%
30Indianapolis
58%
49Boston
57.7%
44Albany
55.8%
31Frankfort
55.2%
33Atlanta
55.2%
32Lansing
55.2%
48Providence
55.1%
29Montgomery
54.4%
35Columbus
54.2%
42Dover
52.9%
46Montpelier
52.7%
34Tallahassee
52.6%
43Trenton
52.6%
40Harrisburg
52.5%
41Annapolis
52.4%
47Concord
52.2%
45Hartford
52.1%
38Raleigh
52.1%
39Richmond
51.5%
36Charleston
51.1%
37Columbia
50.5%

You're not logged in!

Compare scores with friends on all Sporcle quizzes.
OR
Log In

Sporcle TV

Today on Sporcle TV


Watch our educational content, quiz creation guides, and fun videos on Sporcle TV.

Show Comments

Extras

Top Quizzes Today


Score Distribution

Your Account Isn't Verified!

In order to create a playlist on Sporcle, you need to verify the email address you used during registration. Go to your Sporcle Settings to finish the process.

Report this User

Report this user for behavior that violates our Community Guidelines.

Details: